| 000 | 00726nam a22001577a 4500 | ||
|---|---|---|---|
| 005 | 20231212150031.0 | ||
| 010 | _aHIN-126325 | ||
| 020 |
_c399.00 _a9788192081571 |
||
| 037 | _bयश पब्लिकेशंस | ||
| 100 |
_aसिन्हा,मृदुला _959814 |
||
| 245 |
_aराजधर्म और लोकधर्म/ _cमृदुला सिन्हा |
||
| 260 |
_aदिल्ली _bयश पब्लिकेशंस _c2019 |
||
| 270 |
_bदिल्ली _a1/10753,गली नं.3,सुभाष पार्क,.नवीन शाहदरा, _e110032 |
||
| 300 |
_a151पृ.; _c22 सेमी(अजिल्द) |
||
| 942 |
_2ddc _cHN _mसिन्हामृ |
||
| 999 |
_c145444 _d145444 |
||